banner koha

Receitas caseiras com mandioca [Brasil] (Registro n. 39257)

MARC details
000 -LÍDER
campo de controle de tamanho fixo 00847nam a22002657a 4500
001 - NÚMERO DE CONTROLE
campo de controle BR8702333
003 - IDENTIFICADOR DO NÚMERO DE CONTROLE
campo de controle BR-BrBNA
005 - DATA E HORÁRIO DA ÚLTIMA TRANSAÇÃO
campo de controle 20230928092453.0
007 - CAMPO FIXO DE DESCRIÇÃO FÍSICA--INFORMAÇÃO GERAL
campo de controle de tamanho fixo ta
008 - CAMPO DE DADOS FIXOS--INFORMAÇÃO GERAL
campo de controle de tamanho fixo 230509b bl.||||| |||| 00| 0 por d
040 ## - FONTE DA CATALOGAÇÃO
Instituição da catalogação original BR-BrBNA
Idioma da catalogação por
Instituição que transcreveu o registro Biblioteca Nacional de Agricultura
041 ## - CÓDIGO DE IDIOMA
Código do idioma do texto/trilha sonora ou título diferente (Por)
072 ## - CÓDIGO DE CATEGORIA DE ASSUNTO
Código de Categoria de Assunto E80
Código do objeto 1540
-- /G514
090 ## - NÚMERO DE CHAMADA LOCAL
-- 1540 BR8702333
110 1# - ENTRADA PRINCIPAL--NOME CORPORATIVO
Nome corporativo ou nome da jurisdição Associacao de Credito e Assistencia Rural de Santa Catarina, Florianopolis (Brasil). Coordenacao de Economia Domestica
9 (RLIN) 434
245 1# - TÍTULO
Título Receitas caseiras com mandioca [Brasil]
260 3# - PUBLICAÇÃO, DISTRIBUIÇÃO, ETC.
Local de publicação, distribuição, etc. Florianopolis, SC (Brasil):
Data da publicação, distribuição, etc. 1986.
300 ## - DESCRIÇÃO FÍSICA
Extensão 16 p.
500 ## - NOTA GERAL
Nota geral (*) Documento disponível no(a) CEAGRI, Florianopolis, SC (Brazil)
650 ## - ASSUNTO--TERMO TÓPICO
Cabeçalho tópico ou nome geográfico CULINARIA
650 ## - ASSUNTO--TERMO TÓPICO
Cabeçalho tópico ou nome geográfico ECONOMIA DOMESTICA
650 ## - ASSUNTO--TERMO TÓPICO
Cabeçalho tópico ou nome geográfico MANDIOCA
909 ## -
-- 202309
-- Lucia
-- 55
-- Lucia Elande
942 ## - ELEMENTOS DE ENTRADA ADICIONADOS (KOHA)
Tipo de material Koha Livros
Exemplares
Situação do descarte Fonte da classificação ou esquema de arquivamento na estante Situação física Não pode ser emprestado Biblioteca de origem Biblioteca atual Total de empréstimos Data de último acesso Número do exemplar Tipo de material Koha Nota pública Situação das perdas Data de aquisição Fonte de aquisição Qualificador de local codificado Custo, preço normal de compra Número do inventário Custo, preço de reposição Preço efetivo de
  Classificação AGRIS   INDISPONÍVEL Centro Cooperante Centro Cooperante   25/09/2023 01 Livros (*) Documento disponível no(a) CEAGRI, Florianopolis, SC (Brazil) Em falta              

BINAGRI

Telefone: (61)3218-2567/2388/3357/2097 - binagri@agro.gov.br

Ministério da Agricultura e Pecuária , Esplanada dos Ministérios, Bloco D, Anexo B, Brasília/DF, CEP: 70.043-900